00352nam a22001217a 45000050016000000200023000160350013000390370013000521000027000652450077000922600039001693000022002082012041907477.0 a8188837857c750.00 aB-219613 aDPLbENG aRawat, Gyanendra Singh aThe status of Dalit and human right in India /cby Gyanendra Singh Rawat aNew DelhibSumit Enterprisesc2005 av, 360p.c22 cms.